Películas Hayao Miyazaki - Estadísticas

Estadísticas generales
  • Esta prueba ha sido intentada 16 veces
  • La puntuación promedio es 8 de 11
Estadísticas de respuestas
Año de estreno Título % Correcto
2001 El viaje de Chihiro
100%
2004 El castillo ambulante
93%
1988 Mi vecino Totoro
86%
2023 El chico y la garza
79%
1997 La princesa Mononoke
79%
2008 Ponyo en el acantilado
71%
1992 Porco Rosso
64%
1986 El castillo en el cielo
57%
2013 El viento se levanta
57%
1989 Kiki: Entregas a domicilio
57%
1984 Nausicaä del Valle del Viento
43%
No se encontraron pruebas coincidentes
Distribución de puntuación
Porcentaje de gente con cada puntuación
Porcentaje por número respondido
Historial de tus puntuaciones
No has intentado esta prueba.